000 00918nam a2200241Ia 4500
999 _c65239
_d65239
005 20240530110814.0
008 140319s2007 au a f b 000 0 ara d
017 _a2007/19781
_bمصر. دار الكتب
020 _a9774374622
040 _aGCL /
_cGCL
082 0 4 _221
_a792.02 /
_bص ت
100 1 _aصوفر ، اندرو
245 1 0 _aتاريخ المهمات المسرحية /
_cتأليف اندرو صوفر ؛ ترجمة محمود كامل ؛ مراجعة نبيل راغب
250 _aط.1
260 _aالقاهرة :
_bوزارة الثقافة : مهرجان القاهرة الدولى للمسرح التجريبى،
_c2007 .
300 _a315 ص. :
_bايض. ؛
_c24 سم.
650 0 7 _aالمسرح
_2qrmak
651 _2qrmak
700 0 _aمحمود كامل
_eمترجم
700 0 _aنبيل راغب
_eمراجع
942 _2ddc
_cBK